00778nam a22001817a 4500003000400000005001700004008004100021040001400062100003200076245015000108260001000258300002900268500013100297504003400428942001600462999001500478952010300493OSt20171010095524.0120824t xxu||||| |||| 00| 0 eng d aMMSUcULS aPondoc, Dionesio C. 912333 aSynthesis and characterization of cordierite prepared from mixtures of Philippine kaolinite clay, talc and other additives cDionesio C. Pondoc  c2006  axx, 180 leaves c28 cm.  aThesis (MS Materials Science and Engineering) -- University of the Philippines-College of Engineering, Diliman, Quezon City  aBibliography: leaves 111-113  2ddccTHEDIS c9777d9777 00102lcc4070aREFbREFd2012-08-24l0p475-Grr2017-10-10w2017-10-10yTHEDISzLibrary Use only